TV by Numbers II Quiz Stats

Quiz Updated Dec 31, 2015

Also try: TV by Numbers
Challenge
Share
Tweet
Embed
Score 0/55 Timer 06:00
2 Plays Today
% Correct
Bart Simpson
93.9%
Lisa Simpson
92.2%
Maggie Simpson
88.6%
Kenny McCormick
81.8%
Scooby-Doo
79.7%
Gilligan
79%
Shaggy Rogers
77.6%
Velma Dinkley
76.4%
Alex Trebek
75.4%
Eric Cartman
73.1%
Sam Malone
72.5%
Norm Peterson
72.5%
Fred Jones
71.7%
Jonas 'Skipper' Grumby
71.2%
Daphne Blake
71.2%
Ginger 'The Movie Star' Grant
70.3%
'Professor' Roy Hinkley
70%
Mary Ann Summers
68.3%
Diane Chambers
65.5%
Stan Marsh
63.9%
Woody Boyd
62.4%
Frasier Crane
62.3%
Will Smith
62%
Carlton Banks
61.6%
'Millionaire' Thurston Howell III
60.5%
'His Wife' Eunice Wentworth 'Lovey' Howell
60.1%
Kyle Broflovski
59.2%
Cliff Clavin
58.3%
% Correct
Carla Tortelli
56.6%
Felix Unger
54.8%
Ernie 'Coach' Pantusso
53.4%
Oscar Madison
51.9%
Phillip Banks
47%
Rebecca Howe
40%
Vivian Banks
37.3%
Rachel Berry
32.3%
Ashley Banks
31.6%
Finn Hudson
31.2%
Lilith Sternin
30.9%
Hilary Banks
29.4%
Geoffrey
27.3%
Malcolm Reynolds
23.8%
Jayne Cobb
20.7%
River Tam
20.4%
Kurt Hummel
20.1%
Artie Abrams
18.7%
Mercedes Jones
17.7%
Hoban Washburne
17.4%
Dr. Simon Tam
17%
Tina Cohen-Chang
15.5%
Kaywinnet Lee Frye
14.3%
Zoe Washburne
14.2%
Shepherd Derrial Book
13.4%
Nicky Banks
13.1%
Inara Serra
12.7%

You're not logged in!

Compare scores with friends on all Sporcle quizzes.
Sign Up with Email
OR
Log In

You Might Also Like...

Show Comments

Extras

Top Quizzes Today


Score Distribution

Your Account Isn't Verified!

In order to create a playlist on Sporcle, you need to verify the email address you used during registration. Go to your Sporcle Settings to finish the process.

Report this User

Report this user for behavior that violates our Community Guidelines.

Details: